| 000 | 00806nam a2200217Ia 4500 | ||
|---|---|---|---|
| 008 | 191130s2001##################000#0#eng## | ||
| 020 | _a9780198167358 | ||
| 022 | _a66918 | ||
| 040 |
_aACL _cACL |
||
| 082 | _a792.545 LAT | ||
| 100 | _aLatham, Alison | ||
| 245 | _aVerdi in performance : edited by Alison Latham and Roger Parker | ||
| 260 |
_aOxford _bOxford University Press _c2001 |
||
| 300 | _axii, 196 p. : ill., music ; 24 cm | ||
| 500 | _aPapers principally given at a conference entitled Verdi in performance which took place at the Royal Opera House, Covent Garden, 1995. Includes bibliographical references and index | ||
| 650 | _aVerdi, Giuseppe, 1813-1901 - Congresses | ||
| 700 | _aParker, Roger | ||
| 990 | _ad4a85f37ac10000c598fe6d60bc6ac29 | ||
| 991 | _a365853 | ||
| 999 |
_c88509 _d88509 |
||